000 00658nam a2200205 i 4500
001 107059
003 ES-MaACL
005 20250823063100.0
007 t|
008 061121s1973 sp f d 00110cspa d
080 _a929(460.33):75
080 _a75:92(460.33)
100 1 _aMorales y Marín, José Luis,
_d1945-1998
_983089
245 1 0 _aDiccionario de la pintura en Murcia /
_cJosé Luís Morales.
260 _aMurcia :
_b[Galería de Arte Al-Kara],
_c1973.
300 _a112 p. :
_b21 lám ;
_c22 cm.
650 4 _aPintores-
_zMurcia (Comunidad Autónoma)-
_xBiografías.
_9170688
852 4 _aES-MaACL
_jC-55463
999 _c107059
_d107059